| 000 | 00503nam a2200157 i 4500 | ||
|---|---|---|---|
| 001 | 93921 | ||
| 003 | ES-MaACL | ||
| 005 | 20230906181338.0 | ||
| 007 | t| | ||
| 008 | 050422s1918 sp ||||1| spa d | ||
| 100 | 1 |
_aLópez Quiroga, Julio. _973906 |
|
| 245 | 1 | 3 |
_aLa propiedad intelectual en España _b: estudio teórico y práctico de la ley y reglamentos vigentes / _cJulio López Quiroga. |
| 260 |
_aMadrid : _bRev. de Arch., _c1918. |
||
| 300 |
_aXII, 315 p. ; _c25 cm. |
||
| 852 |
_aES-MaACL _jF-1316 |
||
| 999 |
_c93921 _d93921 |
||